Etiqueta de registo: 00254nam 2200025 450
001 2284099
003 http://id.bnportugal.gov.pt/bib/catbnp/2284099
010 ## $a978-972-8347-62-8
021 ## $aPT$b555504/25
100 ## $a20260410d2025 m y0pory01030103ba
101 0# $apor
102 ## $aPT
105 ## $aa z 000yy
106 ## $ar
200 1# $aDo escrutínio livre à constituição - retratos de um caminho$e50 anos do 25 de novembro de 1975$ftexto e sel. de fot. Duarte Cordeiro Dias$gpref. Marcelo Rebelo de Sousa
210 #9 $aLisboa$cExército Português,$d2025
215 ## $a[237] p.$cil.$d30 cm
675 ## $a94(469)"1975/1976"(093)$vBN$zpor$31996923
675 ## $a355/359(469)"1975/1976"(093)$vBN$zpor$31996924
675 ## $a323.2(469)"1975/1976"(093)$vBN$zpor$31996925
675 ## $a77.03$vBN$zpor$3290160
700 #1 $aDias,$bDuarte Cordeiro$31995372
712 01 $aPortugal.$bPresidente da República,$c2016-2026 (Marcelo Rebelo de Sousa)$4080$31667958
801 #0 $aPT$bBN$gRPC
856 41 $uhttp://rnod.bnportugal.gov.pt/ImagesBN/winlibimg.aspx?skey=&doc=2284099&img=221826&save=true
900 ## $aBIBNAC$d20260507
966 ## $lBN$mFGMON$sH.G. 89142 V.$x1
966 ## $lBN$mFGMON$sH.G. 89142 V.-D$x1
971 ## $ccsilva$d20260410
972 ## $e0$z0$d20260507$vlrevez
973 ## $ctrodrigues$d20260427